000 01017njm a2200241 i 4500
001 4552
003 ES-MaACL
005 20240619063040.0
007 s|r|||||||||||
008 041203s1981 sp ||| g ||||||||1|nspa d
100 1 _aFernández-Galiano, Manuel (
_d1918-1988)
_9150962
245 1 0 _aVirgilio en su bimilenario
_h[Grabación sonora] /
_cinterviene Manuel Fernández Galiano.
260 _aMadrid :
_bAteneo de Madrid,
_c1981.
300 _a1 disco (CD-DA) (1 h. 5 seg.) ;
_c12 cm.
500 _aDatos basados en invitación.
518 _aActo organizado por la Sección de Literatura del Ateneo de Madrid, grabado en el salón de actos el viernes 16 de octubre de 1981, a las 19:30 h.
600 1 4 _aVirgilio Marón, Publio-
_xHomenajes.
_9115454
610 2 4 _aAteneo de Madrid-
_xActos culturales-
_y1981-
_vGrabaciones sonoras.
_91893
710 2 _aAteneo de Madrid.
_bSección de Literatura.
_91997
852 _aES-MaACL
_jROT 4/6/28
_94669
_cROT
942 _2udc
999 _c4552
_d4552